Normal view
MARC view
- Self-defense (Law)
Entry Topical Term
001 - CONTROL NUMBER
- control field: 128449
003 - CONTROL NUMBER IDENTIFIER
- control field: NUST
005 - DATE AND TIME OF LATEST TRANSACTION
- control field: 20250318134651.0
008 - FIXED-LENGTH DATA ELEMENTS
- fixed length control field: 250318|| aca||aabn | a|a d
040 ## - CATALOGING SOURCE
- Original cataloging agency: NUST
- Transcribing agency: NUST
150 ## - HEADING--TOPICAL TERM
- Topical term or geographic name entry element: Self-defense (Law)
- General subdivision: Moral and ethical aspects
670 ## - SOURCE DATA FOUND
- Source citation: Work cat.: (NUST)0: Uniacke, Suzanne. 128448, Permissible killing :, 1994.
